Los cuentos - los relatos de Julio Cortázar

Αποθηκεύτηκε σε:
Λεπτομέρειες βιβλιογραφικής εγγραφής
Κύριος συγγραφέας: Ros Soriano, María del Carmen (Συγγραφέας)
Μορφή: Βιβλίο
Γλώσσα:Αγγλικά
Ισπανικά
Έκδοση: Murcia Secretariado de Publicaciones e Intercambio Científico, Universidad de Murcia 1990
Σειρά:Tesis Doctorales
Θέματα:
Ετικέτες: Προσθήκη ετικέτας
Δεν υπάρχουν, Καταχωρήστε ετικέτα πρώτοι!

MARC

LEADER 00000nam a2200000 a 4500
001 UCM0371
003 CL-VaPUC
008 020125e19900000SP |||||||||||||||||eng|d
041 0 7 |a eng  |2 CL-VaPUC 
041 0 7 |a spa  |2 CL-VaPUC 
082 0 4 |a Ar863.09  |b ROS  |2 21 
100 0 |a Ros Soriano, María del Carmen  |e author  |9 467108 
245 1 4 |a Los cuentos - los relatos de Julio Cortázar 
942 |c BK 
945 |d 20020125 00:00:00  |a crobeson 
260 |a Murcia  |b Secretariado de Publicaciones e Intercambio Científico, Universidad de Murcia  |c 1990 
600 0 |a Cortázar, Julio,  |d 1914-1984  |9 347319 
650 7 |a CUENTO ARGENTINO - CRITICA E INTERPRETACION  |2 CL-VaPUC  |9 467109 
650 0 |a Literatura argentina  |9 320596 
583 |a last modification  |c 20020125 00:00:00  |k Rodrigo Vera 
490 0 |a Tesis Doctorales 
999 |c 299294  |d 299292 
952 |0 0  |1 0  |4 0  |6 AR_863_090000000000000_ROS_1990  |7 0  |8 A  |9 355629  |a BIBEDU  |b BIBEDU  |d 2019-11-21  |i 378861K  |o Ar863.09 ROS 1990  |p 378861K  |r 2019-11-21  |w 2019-11-21  |y BK  |k LIT